Schauspieler, die mit Lars von Trier zusammengearbeitet haben - Statistiken

Allgemein
  • Dieses Quiz wurde 7 mal gespielt
  • Das Durchschnittsergebnis liegt bei 13 aus 29
Antwortstatistiken
Film Schauspieler/in % Korrekt
Antichrist, Melancholia, Nymphomaniac Charlotte Gainsbourg
86%
Melancholia Kirsten Dunst
86%
Breaking the Waves, Dancer in the Dark, Dogville, Melancholia, Nymphomaniac Stellan Skarsgård
86%
Melancholia Alexander Skarsgård
71%
Nymphomaniac Shia LaBeouf
71%
Epidemic, Medea, Breaking the Waves, Dogville, Manderlay, Melancholia, Nymphomaniac Udo Kier
71%
Nymphomaniac, The House That Jack Built Uma Thurman
71%
Melancholia Kiefer Sutherland
57%
The House That Jack Built Matt Dillon
57%
Dogville Nicole Kidman
57%
Manderlay, Antichrist, Nymphomaniac Willem Dafoe
57%
The House That Jack Built Bruno Ganz
43%
Manderlay Bryce Dallas Howard
43%
Dancer in the Dark David Morse
43%
Dogville, Manderlay John Hurt
43%
Dogville Ben Gazzara
29%
Nymphomaniac Christian Slater
29%
Manderlay Danny Glover
29%
Dogville James Caan
29%
Nymphomaniac Jamie Bell
29%
Europa, Breaking the Waves, Dancer in the Dark, Dogville, Manderlay, The Boss of It All, Nymphomaniac Jean-Marc Barr
29%
Idioten, Dancer in the Dark, The Boss of It All, Nymphomaniac Jens Albinus
29%
Dogville Lauren Bacall
29%
Dogville Patricia Clarkson
29%
Dogville Paul Bettany
29%
Dancer in the Dark Peter Stormare
29%
Nymphomaniac Connie Nielsen
14%
Europa Max von Sydow
14%
The Boss of It All, The House That Jack Built Sofie Gråbøl
14%
Keine übereinstimmenden Quizze gefunden
Verteilung der Resultate
Anzahl Personen mit jedem Resultat
Perzentil nach korrekt beantworteten Fragen
Ihre Resultats-Entwicklung
Sie haben dieses Quiz noch nicht gespielt